Spell the Marvel Hero #46 - Statistics

General Stats
  • This quiz has been taken 18 times
  • The average score is 11 of 14
Answer Stats
Picture Answer % Correct
Rogue
100%
Thor
100%
Emma Frost
94%
Iceman
94%
Silk
94%
Domino
88%
Elektra
88%
Hit-Monkey
81%
Kitty Pryde
81%
Thunderstrike
69%
Namora
63%
Thena
56%
Uranian
56%
Rictor
31%
No matching quizzes found
Score Distribution
Percent of People with Each Score
Percentile by Number Answered
Your Score History
You have not taken this quiz